| 000 | 00568nam a2200181Ia 4500 | ||
|---|---|---|---|
| 003 | IN-BaIIA | ||
| 008 | 211028s9999 xx 000 0 eng d | ||
| 040 | _cIIA Library | ||
| 080 |
_a521.1 _bBAK |
||
| 100 |
_aBaker, R. M. L. _95351 |
||
| 245 | 0 |
_aAstrodynamics _bapplications and advanced topics _cR. M. L. Baker |
|
| 260 |
_aNew York _bAcademic Press _c1967 |
||
| 300 | _axiii, 540p. | ||
| 650 |
_aAstrodynamics _91258 |
||
| 650 | _aAstronomy and astrophysics thesaurus | ||
| 650 | _aCelestial mechanics | ||
| 942 | _cBK | ||
| 999 |
_c3016 _d3016 |
||